000 00932nam a2200265Ia 4500
003 OSt
005 20220923211111.0
006 a|||||r|||| 00| 0
007 ta
008 220922b |||||||| |||| 00| 0 hin d
020 _a8181431138 (hbk)
_c200
024 _a282,831
037 _b318, 10/01/2015, Vani Prakashan
_cTextual
040 _aARTS
_cARTS
_bhin
041 _2hin
_ahin
082 _aO155,3N56x, 152P8
100 _aलिंबाले, शरण कुमार
_9158247
245 0 _aदलित ब्राहमण
246 _aDalit brāhamaṇa
260 _aनयी दिल्ली
_b वाणी प्रकाशन
_c2013
300 _a125पृ.
_ccm.
650 _aमराठी साहित्य
_9158248
942 _hO155,3N56x, 152P8
_cTEXL
_2CC
999 _c295254
_d295254